| 000 | 01356pam a2200373 a 4500 | ||
|---|---|---|---|
| 001 | 6409 | ||
| 003 | FISKH | ||
| 005 | 20250429100515.0 | ||
| 008 | 970324s1997 mnua b 000 0 eng | ||
| 010 | _a 97011653 | ||
| 020 | _a1575420252 | ||
| 020 | _a9781575420257 | ||
| 040 |
_aDLC _cDLC _dDLC _beng |
||
| 050 | _aPS3562.A412 I18 | ||
| 082 | _a811.54 | ||
| 100 | 1 |
_aLalli, Judy, _d1949- |
|
| 245 | 1 | 0 |
_aI like being me : _bpoems for children about feeling special, appreciating others, and getting along / _cwritten by Judy Lalli ; photographs by Douglas L. Mason-Fry. |
| 260 |
_aMinneapolis : _bFree Spirit Publishing, _c1997. |
||
| 300 |
_a54 pages : _billustrations ; _c19 x 21 cm |
||
| 505 | _aN | ||
| 520 | _aA collection of poems about being kind, solving problems, learning from mistakes, telling the truth, dealing with feelings, being a friend, and more. | ||
| 521 | 8 |
_a560
_bLexile AD |
|
| 521 | 8 |
_aN
_bRaz-Plus |
|
| 650 | 0 |
_aInterpersonal relations _xJuvenile poetry. |
|
| 650 | 0 |
_aSelf-esteem _xJuvenile poetry. |
|
| 650 | 0 | _aChildren's poetry, American. | |
| 650 | 1 |
_aIdentity _xPoetry. |
|
| 650 | 1 |
_aSelf-esteem _xPoetry. |
|
| 650 | 1 | _aAmerican poetry. | |
| 700 | 2 |
_aMason-Fry, Douglas L., _d1950- _eillustrator |
|
| 906 |
_a7 _bcbc _corignew _d1 _eocip _f19 _gy-gencatlg |
||
| 942 |
_2ddc _cBK _n0 |
||
| 999 |
_c6409 _d6409 |
||